[Event "XIII Festival A"]
[Site "Porto San Giorgio ITA"]
[Date "2001.08.27"]
[Round "7"]
[White "Del Dotto, Riccardo"]
[Black "Marzano, Carlo"]
[Result "1-0"]
[WhiteElo "2175"]
[BlackElo "2253"]
[PlyCount "75"]
[EventDate "2001.08.21"]

1.d4 d6 2.e4 g6 3.Nc3 Bg7 4.Nge2 Nc6 5.d5 Ne5 6.f4 Nd7 7.Be3 Ngf6 8.h3 c6 
9.Qd2 a6 10.a4 Qa5 11.g4 cxd5 12.exd5 Nb6 13.b4 Qxb4 14.Rb1 Qxb1+ 15.Nxb1 
Nc4 16.Qd3 Nxe3 17.Qxe3 Nxd5 18.Qb3 Nc7 19.Bg2 O-O 20.O-O Ne6 21.Qe3 Bd7 
22.Nbc3 Rac8 23.Nd5 Rfe8 24.f5 Nc5 25.Nxe7+ Kf8 26.f6 Bxf6 27.Rxf6 Rxe7 
28.Qf4 Ne6 29.Qxd6 Rxc2 30.Rf2 Bxa4 31.Bxb7 Bb5 32.Bxa6 Bc6 33.Qe5 Kg8 34.
Qb8+ Kg7 35.Qb3 Be4 36.Qb4 Nc5 37.h4 Nxa6 38.Qxe7 1-0

[Event "XIII Festival A"]
[Site "Porto San Giorgio ITA"]
[Date "2001.08.27"]
[Round "7"]
[White "Della Pietra, Andrea"]
[Black "Scharrer, Patrick"]
[Result "0-1"]
[WhiteElo "2186"]
[BlackElo "2054"]
[PlyCount "126"]
[EventDate "2001.08.21"]

1.d4 Nf6 2.c4 g6 3.Nc3 Bg7 4.e4 d6 5.Nge2 O-O 6.Ng3 e5 7.d5 Nbd7 8.Be2 a5 
9.h4 h5 10.Bg5 Nc5 11.Bxh5 gxh5 12.Nxh5 Kh8 13.f3 Kh7 14.Qd2 Rh8 15.Rf1 
Kg8 16.Nxg7 Kxg7 17.O-O-O Qg8 18.Bxf6+ Kxf6 19.f4 Ke7 20.fxe5 Rxh4 21.
exd6+ cxd6 22.e5 Ne4 23.exd6+ Kd8 24.Nxe4 Rxe4 25.Qf2 Rxc4+ 26.Kb1 Qg6+ 
27.Ka1 Ra6 28.Rde1 Bd7 29.Qe2 b5 30.Qe7+ Kc8 31.Rxf7 Qxd6 32.Rf8+ Kb7 33.
Qg7 Rc7 34.Qh8 Ra7 35.Rb8+ Ka6 36.Ra8 Rb7 37.Qd8 Qxd5 38.a3 Bc6 39.Rxa7+ 
Rxa7 40.Qc8+ Rb7 41.Re6 Kb6 42.g4 Qd1+ 43.Ka2 Qd7 44.Qg8 Ka7 45.Re5 Qf7+ 
46.Qxf7 Rxf7 47.a4 b4 48.Rxa5+ Kb6 49.Re5 Bxa4 50.g5 Rf3 51.Kb1 Bb3 52.Kc1
Rd3 53.Re1 Rg3 54.Re5 Rg2 55.Rf5 Kc6 56.Rf4 Kc5 57.Rf5+ Kd4 58.Rf3 Bd5 59.
Rf4+ Be4 60.Rh4 Rxg5 61.b3 Kc3 62.Rh3+ Bd3 63.Rh1 Ra5 0-1

[Event "XIII Festival A"]
[Site "Porto San Giorgio ITA"]
[Date "2001.08.27"]
[Round "7"]
[White "Faraoni, Enrico"]
[Black "Cocchi, Andrea"]
[Result "0-1"]
[WhiteElo "2173"]
[BlackElo "2270"]
[PlyCount "54"]
[EventDate "2001.08.21"]

1.e4 g6 2.d4 Bg7 3.Nc3 d6 4.f4 Nd7 5.e5 Nh6 6.Be3 c5 7.e6 fxe6 8.dxc5 Nf5 
9.Bf2 Qa5 10.Ne2 Nxc5 11.g4 Nh6 12.Bh3 Ne4 13.O-O Nxf2 14.Rxf2 O-O 15.Qd2 
Bd7 16.Re1 Qb6 17.Ne4 Qxb2 18.Nc5 Bc8 19.Nb3 Kh8 20.Ned4 e5 21.fxe5 Rxf2 
22.Qxf2 Bxg4 23.exd6 Bxh3 24.dxe7 Re8 25.Qe3 Nf5 26.Qxh3 Bxd4+ 27.Kg2 
Qxc2+ 0-1

[Event "XIII Festival A"]
[Site "Porto San Giorgio ITA"]
[Date "2001.08.27"]
[Round "7"]
[White "Inkiov, Ventzislav V."]
[Black "Popchev, Milko"]
[Result "1/2-1/2"]
[WhiteElo "2470"]
[BlackElo "2447"]
[PlyCount "20"]
[EventDate "2001.08.21"]

1.d4 d5 2.c4 c6 3.Nf3 Nf6 4.Nc3 a6 5.e3 b5 6.cxd5 cxd5 7.Bd3 e6 8.O-O Nbd7
9.Bd2 Be7 10.Rc1 O-O 1/2-1/2

[Event "XIII Festival A"]
[Site "Porto San Giorgio ITA"]
[Date "2001.08.27"]
[Round "7"]
[White "Iordachescu, Viorel"]
[Black "Mrdja, Milan"]
[Result "1-0"]
[WhiteElo "2562"]
[BlackElo "2399"]
[PlyCount "103"]
[EventDate "2001.08.21"]

1.Nf3 c5 2.c4 Nc6 3.Nc3 g6 4.d4 cxd4 5.Nxd4 Bg7 6.Nc2 b6 7.e4 Bb7 8.Be2 
Rc8 9.O-O Nf6 10.f3 O-O 11.Bg5 h6 12.Be3 d6 13.Qd2 Kh7 14.Rfd1 Qc7 15.Rac1
Qb8 16.Nd5 Rfd8 17.b4 Ng8 18.Bf2 e6 19.Nde3 Bb2 20.Rb1 Bg7 21.Bh4 Nf6 22.
Qe1 Ne5 23.Nd4 g5 24.Bf2 Ng6 25.Nb3 Nd7 26.Rbc1 Nde5 27.Bf1 Nf4 28.Bg3 Nh5
29.Bf2 Nf4 30.Nd4 Ned3 31.Bxd3 Bxd4 32.Bf1 Bg7 33.Ng4 h5 34.Ne3 Ng6 35.Qd2
Qc7 36.Nc2 Qe7 37.Nd4 Be5 38.Be3 f6 39.Nb3 Bc6 40.Qf2 Ba4 41.Rd2 h4 42.g3 
hxg3 43.hxg3 d5 44.f4 Bb8 45.exd5 Bxb3 46.axb3 Rxd5 47.cxd5 Rxc1 48.dxe6 
Nf8 49.f5 Nxe6 50.fxe6 Qxe6 51.Rd3 Rb1 52.Qd2 1-0

[Event "XIII Festival A"]
[Site "Porto San Giorgio ITA"]
[Date "2001.08.27"]
[Round "7"]
[White "Isonzo, David"]
[Black "Ortega, Lexy"]
[Result "0-1"]
[WhiteElo "2315"]
[BlackElo "2498"]
[PlyCount "60"]
[EventDate "2001.08.21"]

1.e4 c5 2.Nf3 e6 3.d4 cxd4 4.Nxd4 Nc6 5.Nc3 Qc7 6.Be3 a6 7.Bd3 b5 8.O-O 
Bb7 9.Nxc6 Bxc6 10.Qe2 Nf6 11.a3 Be7 12.f4 d6 13.Rae1 O-O 14.Qf3 g6 15.Bd4
Rad8 16.Qh3 e5 17.Be3 exf4 18.Bxf4 Nd7 19.Bh6 Rfe8 20.Be3 Ne5 21.Bd4 Bf8 
22.Rf4 d5 23.Ref1 dxe4 24.Bxe5 Rxe5 25.Bxe4 f5 26.Bd3 Bc5+ 27.Kh1 Be3 28.
Rh4 Bg5 29.Rb4 Re3 30.Rf3 Rdxd3 0-1

[Event "XIII Festival A"]
[Site "Porto San Giorgio ITA"]
[Date "2001.08.27"]
[Round "7"]
[White "Martorelli, Antonio"]
[Black "Coratella, Giuseppe"]
[Result "0-1"]
[WhiteElo "2304"]
[BlackElo "2163"]
[PlyCount "66"]
[EventDate "2001.08.21"]

1.e4 e6 2.d4 d5 3.Nc3 Nf6 4.Bg5 Be7 5.e5 Nfd7 6.h4 Bxg5 7.hxg5 Qxg5 8.Qd3 
g6 9.Nf3 Qe7 10.O-O-O Nc6 11.Qe3 Nb6 12.Ng5 h5 13.g4 Bd7 14.gxh5 gxh5 15.
a3 O-O-O 16.Nf3 f6 17.Re1 Rdf8 18.Rh3 Qg7 19.Bd3 Qh6 20.Rg1 fxe5 21.dxe5 
Be8 22.Ne2 Nd7 23.Qxh6 Rxh6 24.Rg5 Nc5 25.Nc3 Nxd3+ 26.cxd3 Rg6 27.Nd1 
Rxf3 28.Rhxh5 Rxg5 29.Rxg5 Rf5 30.Rg8 Kd7 31.d4 Nxd4 32.Ne3 Rxe5 33.Ng4 
Rf5 0-1

[Event "XIII Festival A"]
[Site "Porto San Giorgio ITA"]
[Date "2001.08.27"]
[Round "7"]
[White "Piantoni, Roberto"]
[Black "Rotstein, Arkadij"]
[Result "0-1"]
[WhiteElo "2155"]
[BlackElo "2499"]
[PlyCount "58"]
[EventDate "2001.08.21"]

1.d4 Nf6 2.Nf3 c5 3.e3 g6 4.c3 b6 5.dxc5 bxc5 6.e4 Bb7 7.e5 Nd5 8.Bd3 Nc7 
9.Nbd2 Bg7 10.Ne4 Ne6 11.Qe2 Nc6 12.Neg5 Nxg5 13.Bxg5 Qc7 14.Bf4 Nd8 15.
Bg3 Ne6 16.O-O Rb8 17.Be4 Bxe4 18.Qxe4 Rxb2 19.Rab1 Rxb1 20.Rxb1 O-O 21.
Rb7 Qa5 22.Rxd7 Qxa2 23.Rxe7 Qa1+ 24.Ne1 a5 25.c4 Bh6 26.h4 Bd2 27.f3 Qd4+
28.Qxd4 Nxd4 29.Nd3 Nf5 0-1

[Event "XIII Festival A"]
[Site "Porto San Giorgio ITA"]
[Date "2001.08.27"]
[Round "7"]
[White "Rausis, Igors"]
[Black "Razuvaev, Yuri S."]
[Result "1/2-1/2"]
[WhiteElo "2463"]
[BlackElo "2549"]
[PlyCount "22"]
[EventDate "2001.08.21"]

1.d4 Nf6 2.c4 e6 3.Nc3 Bb4 4.e3 c5 5.Ne2 d5 6.a3 Bxc3+ 7.Nxc3 cxd4 8.exd4 
dxc4 9.Bxc4 Nc6 10.Be3 O-O 11.O-O h6 1/2-1/2

[Event "XIII Festival A"]
[Site "Porto San Giorgio ITA"]
[Date "2001.08.27"]
[Round "7"]
[White "Ristic, Nenad"]
[Black "Todorov, Ognjan"]
[Result "1-0"]
[WhiteElo "2424"]
[BlackElo "2349"]
[PlyCount "37"]
[EventDate "2001.08.21"]

1.e4 c5 2.Nf3 e6 3.d4 cxd4 4.Nxd4 a6 5.Nc3 Qc7 6.Be2 Nf6 7.O-O Be7 8.f4 d6
9.Be3 O-O 10.Kh1 b5 11.e5 Ne8 12.Bd3 Bb7 13.f5 exf5 14.Nxf5 dxe5 15.Qg4 
Bd8 16.Nh6+ Kh8 17.Qh5 f5 18.Rxf5 Nf6 19.Bb6 1-0

[Event "XIII Festival A"]
[Site "Porto San Giorgio ITA"]
[Date "2001.08.27"]
[Round "7"]
[White "Sbraccia, Giovanni"]
[Black "De Poi, Paolo"]
[Result "1/2-1/2"]
[WhiteElo "2121"]
[BlackElo "2215"]
[PlyCount "45"]
[EventDate "2001.08.21"]

1.Nf3 Nf6 2.g3 g6 3.Bg2 Bg7 4.O-O O-O 5.d3 c5 6.c4 Nc6 7.Nc3 Rb8 8.Rb1 a6 
9.d4 cxd4 10.Nxd4 Nxd4 11.Qxd4 d6 12.Qh4 Be6 13.c5 Ne8 14.Be3 dxc5 15.Bxc5
Nd6 16.Rfd1 Qc7 17.Bxd6 exd6 18.Nd5 Bxd5 19.Bxd5 Qc2 20.Qc4 Qxc4 21.Bxc4 
Rfc8 22.Bb3 Rc6 23.Rd2 1/2-1/2

[Event "XIII Festival A"]
[Site "Porto San Giorgio ITA"]
[Date "2001.08.27"]
[Round "7"]
[White "Scalcione, Michelangelo"]
[Black "Lauria, Amilcare"]
[Result "0-1"]
[WhiteElo "2249"]
[BlackElo "2159"]
[PlyCount "118"]
[EventDate "2001.08.21"]

1.Nf3 g6 2.c4 Bg7 3.e4 d6 4.h3 e5 5.d4 exd4 6.Nxd4 Nf6 7.Nc3 O-O 8.Bd3 
Nbd7 9.O-O Nc5 10.Bc2 a5 11.Bg5 h6 12.Bh4 Re8 13.Re1 Ne6 14.Ndb5 Bd7 15.
Qd2 Bc6 16.f3 g5 17.Bf2 Nd7 18.Rad1 Ne5 19.b3 Qd7 20.Nd4 Nf4 21.Be3 Nfg6 
22.Nf5 a4 23.Nd5 axb3 24.axb3 Kh7 25.Bxg5 hxg5 26.Qxg5 Bxd5 27.exd5 Qd8 
28.Qg3 Qf6 29.h4 Kh8 30.h5 Ne7 31.h6 Nxf5 32.hxg7+ Nxg7 33.Qh3+ Kg8 34.
Qh7+ Kf8 35.Re4 Ng6 36.Rde1 Rxe4 37.Bxe4 Qd4+ 38.Kh1 Ra1 39.Rxa1 Qxa1+ 40.
Kh2 Qe5+ 41.Kg1 Qa1+ 42.Kh2 Qf6 43.g3 Nf5 44.Qh5 Qb2+ 45.Kh3 Nfe7 46.f4 
Qh8 47.Kg4 f5+ 48.Bxf5 Qxh5+ 49.Kxh5 Nxf5 50.Kxg6 Nxg3 51.Kf6 Ne4+ 52.Kf5 
Nd2 53.Ke6 Ke8 54.b4 Nxc4 55.f5 Ne5 56.b5 b6 57.f6 Nf7 58.Kf5 Nd8 59.Kg6 
Kf8 0-1

[Event "XIII Festival A"]
[Site "Porto San Giorgio ITA"]
[Date "2001.08.27"]
[Round "7"]
[White "Schweiger, Georg"]
[Black "Efimov, Igor"]
[Result "0-1"]
[WhiteElo "2179"]
[BlackElo "2474"]
[PlyCount "62"]
[EventDate "2001.08.21"]

1.e4 c5 2.Nf3 d6 3.Bb5+ Nc6 4.O-O Bd7 5.c3 a6 6.Ba4 c4 7.d4 cxd3 8.Qxd3 g6
9.Rd1 Bg7 10.Nbd2 Nf6 11.Nf1 O-O 12.h3 Ne5 13.Qc2 Nxf3+ 14.gxf3 Bxh3 15.
Ng3 Bd7 16.Bb3 Rc8 17.Be3 Qa5 18.Kg2 Bc6 19.Qd2 Rfd8 20.Bh6 Bh8 21.Nf5 Rd7
22.Nd4 Nh5 23.Rh1 Bf6 24.Rxh5 Qxh5 25.Rh1 Qa5 26.Qf4 Rdc7 27.Qh2 e6 28.Bf4
h5 29.Bxd6 Rd7 30.e5 Rxd6 31.exd6 Bxd4 0-1

[Event "XIII Festival A"]
[Site "Porto San Giorgio ITA"]
[Date "2001.08.27"]
[Round "7"]
[White "Sciortino, Massimo"]
[Black "Ambrosi, Eleonora"]
[Result "1-0"]
[WhiteElo "2203"]
[BlackElo "2078"]
[PlyCount "69"]
[EventDate "2001.08.21"]

1.e4 c5 2.f4 e6 3.Nf3 Nc6 4.d4 cxd4 5.Nxd4 a6 6.Nc3 Qc7 7.Nb3 b5 8.Be3 d6 
9.Be2 Nf6 10.Bf3 Bb7 11.O-O Be7 12.Kh1 O-O 13.Qe1 b4 14.Na4 a5 15.Bb6 Qc8 
16.c4 bxc3 17.Nxc3 Nd7 18.Na4 Ba6 19.Be2 Bxe2 20.Qxe2 Nxb6 21.Nxb6 Qa6 22.
Qe3 Ra7 23.Rfc1 Qb7 24.Nd5 Rc8 25.Nxe7+ Qxe7 26.Nd4 Rac7 27.Nb5 Rb7 28.Qd3
Rd7 29.Rc3 Rdd8 30.Rac1 Nb4 31.Qb1 Rxc3 32.Rxc3 Qb7 33.a4 Na6 34.Qd3 Nc5 
35.Rxc5 1-0

[Event "XIII Festival A"]
[Site "Porto San Giorgio ITA"]
[Date "2001.08.27"]
[Round "7"]
[White "Sibilio, Mario"]
[Black "Cazzaniga, Walter"]
[Result "1-0"]
[WhiteElo "2370"]
[BlackElo "2125"]
[PlyCount "127"]
[EventDate "2001.08.21"]

1.d4 Nf6 2.c4 g6 3.Nf3 Bg7 4.g3 O-O 5.Bg2 d6 6.O-O c6 7.b3 Nbd7 8.Nc3 Re8 
9.h3 e5 10.Be3 Qe7 11.Rc1 exd4 12.Bxd4 Bh6 13.e3 a5 14.g4 Bf8 15.Na4 h5 
16.gxh5 Nxh5 17.Ba1 Rb8 18.Nd4 Bg7 19.Nf5 gxf5 20.Qxh5 Bxa1 21.Rxa1 Ne5 
22.Rad1 Ng6 23.Qh6 Be6 24.Rd4 Rbd8 25.Nc3 Qf8 26.Qg5 Kg7 27.Rfd1 f6 28.Qg3
Qe7 29.Ne2 Kf7 30.Rxd6 Rxd6 31.Qxd6 Qxd6 32.Rxd6 a4 33.f4 axb3 34.axb3 Nh4
35.Bf1 Ke7 36.Rd1 Ra8 37.Kf2 Ra2 38.Kg3 Ng6 39.h4 Rb2 40.Nc1 Nh8 41.h5 Nf7
42.Bg2 Nh6 43.Bf3 Rb1 44.Rh1 Kf7 45.Be2 c5 46.Rd1 Ke7 47.Nd3 Rxb3 48.Nxc5 
Rxe3+ 49.Kf2 Rc3 50.Nxe6 Kxe6 51.Rb1 Ng4+ 52.Ke1 Kd6 53.Rb5 Ke6 54.Rb6+ 
Kf7 55.Rxb7+ Kg8 56.Kd2 Rh3 57.c5 Nf2 58.c6 Ne4+ 59.Kd1 Rc3 60.c7 Nd6 61.
Rb6 Rxc7 62.Rxd6 Kg7 63.Kd2 Re7 64.Bd3 1-0

[Event "XIII Festival A"]
[Site "Porto San Giorgio ITA"]
[Date "2001.08.27"]
[Round "7"]
[White "Timms, Nicholas D."]
[Black "Rago, Riccardo"]
[Result "1/2-1/2"]
[WhiteElo "2102"]
[BlackElo "2220"]
[PlyCount "92"]
[EventDate "2001.08.21"]

1.d4 Nf6 2.Bg5 e6 3.e4 Be7 4.e5 Nd5 5.Bd2 c5 6.Qg4 Kf8 7.c4 Nc7 8.dxc5 Nc6
9.Bc3 Bxc5 10.a3 a5 11.Nd2 Ne8 12.Ne4 Be7 13.Nf3 h5 14.Qf4 Kg8 15.O-O-O f5
16.Nfg5 Rh6 17.Nf6+ Nxf6 18.Nxe6 Ne4 19.Nxd8 Bg5 20.Qxg5 Nxg5 21.Bd2 Rg6 
22.Nxc6 bxc6 23.Bd3 Ne4 24.Bxe4 fxe4 25.g3 Ba6 26.b3 a4 27.Kc2 Re6 28.Bf4 
g5 29.Bxg5 Rxe5 30.Bf4 Rc5 31.Rxd7 axb3+ 32.Kxb3 Rxc4 33.Rhd1 Bb5 34.Bh6 
Rca4 35.Rg7+ Kh8 36.Rdd7 Bc4+ 37.Kc3 Bg8 38.Bg5 Rxa3+ 39.Kb4 R3a4+ 40.Kc5 
R8a5+ 41.Kxc6 Rc4+ 42.Kb6 Ra3 43.Rg6 Rb3+ 44.Ka7 Ra4+ 45.Ra6 Rxa6+ 46.Kxa6
Bc4+ 1/2-1/2

[Event "XIII Festival A"]
[Site "Porto San Giorgio ITA"]
[Date "2001.08.27"]
[Round "7"]
[White "Tomescu, Vlad"]
[Black "Bagaturov, Giorgi"]
[Result "0-1"]
[WhiteElo "2417"]
[BlackElo "2489"]
[PlyCount "84"]
[EventDate "2001.08.21"]

1.e4 c5 2.Nf3 e6 3.d4 cxd4 4.Nxd4 Nc6 5.Nc3 Nf6 6.Nxc6 bxc6 7.e5 Nd5 8.Ne4
Bb7 9.Bd3 Qc7 10.f4 O-O-O 11.a3 c5 12.Qe2 Be7 13.c4 Nb6 14.a4 d5 15.exd6 
Bxd6 16.a5 Nd7 17.Nxd6+ Qxd6 18.Be4 Bxe4 19.Qxe4 Nb8 20.Be3 Nc6 21.O-O Kc7
22.a6 Rd7 23.f5 e5 24.Qf3 Rb8 25.Rf2 f6 26.Rc1 Nd4 27.Qh5 Rb3 28.Bd2 Qxa6 
29.Qxh7 Rd3 30.Bc3 e4 31.Bxd4 cxd4 32.h3 e3 33.Re2 Qa4 34.Ree1 Rd2 35.Ra1 
Qc6 36.Qg6 Kb7 37.Qg4 Re7 38.b4 Qe4 39.Qg3 Qxf5 40.Rf1 Qe5 41.Qf3+ Qe4 42.
Qg3 e2 0-1

[Event "XIII Festival A"]
[Site "Porto San Giorgio ITA"]
[Date "2001.08.27"]
[Round "7"]
[White "Trent, Lawrence"]
[Black "D'Innocente, Stefano"]
[Result "1/2-1/2"]
[WhiteElo "2249"]
[BlackElo "2123"]
[PlyCount "87"]
[EventDate "2001.08.21"]

1.e4 e5 2.Nf3 Nc6 3.d4 exd4 4.Bc4 Bc5 5.c3 Nf6 6.cxd4 Bb4+ 7.Bd2 Bxd2+ 8.
Nbxd2 d5 9.exd5 Nxd5 10.Qb3 Nce7 11.O-O O-O 12.Rfe1 c6 13.a4 Qb6 14.a5 
Qxb3 15.Nxb3 Rd8 16.Ne5 f6 17.Nd3 Kf8 18.Ndc5 Nb4 19.Re2 Ned5 20.f3 Rb8 
21.Bxd5 Nxd5 22.g3 Nc7 23.Rc1 Bf5 24.Rd2 Bg6 25.a6 b6 26.Ne4 Be8 27.Ra1 
Bf7 28.Nc1 Bc4 29.Na2 f5 30.Nec3 c5 31.d5 Bb3 32.d6 Ne6 33.Nb5 Rd7 34.Nac3
Rbd8 35.Re1 Kf7 36.Kf2 Nd4 37.Nxd4 cxd4 38.Rxd4 Rxd6 39.Rxd6 Rxd6 40.Re5 
g6 41.Rb5 Be6 42.Rb4 Bd7 43.Ke3 Ke7 44.Rc4 1/2-1/2

[Event "XIII Festival A"]
[Site "Porto San Giorgio ITA"]
[Date "2001.08.27"]
[Round "7"]
[White "Voltolini, Giuseppe"]
[Black "Aleksic, Nenad"]
[Result "1/2-1/2"]
[WhiteElo "2266"]
[BlackElo "2416"]
[PlyCount "42"]
[EventDate "2001.08.21"]

1.d4 Nf6 2.c4 e6 3.Nc3 Bb4 4.e3 b6 5.Bd3 Bb7 6.Nf3 Ne4 7.O-O f5 8.Qc2 Bxc3
9.bxc3 O-O 10.Nd2 Qh4 11.f3 Ng5 12.Ba3 Rf6 13.Be7 Rg6 14.e4 fxe4 15.Bxg5 
exd3 16.Bxh4 dxc2 17.Rfc1 Nc6 18.Bg3 Rc8 19.Rxc2 Na5 20.c5 Rg5 21.Bf2 Ba6 
1/2-1/2

[Event "XIII Festival A"]
[Site "Porto San Giorgio ITA"]
[Date "2001.08.28"]
[Round "8"]
[White "Aleksic, Nenad"]
[Black "Sciortino, Massimo"]
[Result "1-0"]
[WhiteElo "2416"]
[BlackElo "2203"]
[PlyCount "77"]
[EventDate "2001.08.21"]

1.e4 e5 2.Nf3 Nc6 3.c3 d5 4.Qa4 Bd7 5.d3 Nf6 6.Qc2 dxe4 7.dxe4 Bd6 8.Be2 
h6 9.O-O O-O 10.Nbd2 Re8 11.Nc4 Bf8 12.b4 b5 13.Ne3 a5 14.bxa5 Nxa5 15.Rd1
Qc8 16.Rb1 c6 17.c4 b4 18.c5 Nb7 19.Rxb4 Nxc5 20.Nc4 Qc7 21.Nb6 Rab8 22.
Nxd7 Ncxd7 23.Rxb8 Rxb8 24.h3 Nc5 25.Bb2 Re8 26.Bc4 Ncxe4 27.Re1 Ng5 28.
Nxe5 Bb4 29.Re2 Bd6 30.Ng4 Rxe2 31.Nxf6+ gxf6 32.Qg6+ Kf8 33.Qxh6+ Ke8 34.
Qh8+ Bf8 35.Bxe2 Qa5 36.Qxf6 Qe1+ 37.Bf1 Be7 38.Qxc6+ Kd8 39.Bc3 1-0

[Event "XIII Festival A"]
[Site "Porto San Giorgio ITA"]
[Date "2001.08.28"]
[Round "8"]
[White "Bottino, Alexiei"]
[Black "Ager, Josef"]
[Result "1/2-1/2"]
[WhiteElo "2117"]
[BlackElo "2248"]
[PlyCount "30"]
[EventDate "2001.08.21"]

1.d4 Nf6 2.c4 g6 3.Nc3 Bg7 4.e4 d6 5.Nf3 O-O 6.Be2 Na6 7.O-O c6 8.h3 e5 9.
d5 c5 10.Bg5 h6 11.Bh4 g5 12.Bg3 Nh5 13.h4 Nf4 14.hxg5 hxg5 15.Nd2 Nb4 
1/2-1/2

[Event "XIII Festival A"]
[Site "Porto San Giorgio ITA"]
[Date "2001.08.28"]
[Round "8"]
[White "Bruned, Yvain"]
[Black "Trent, Lawrence"]
[Result "0-1"]
[WhiteElo "2049"]
[BlackElo "2249"]
[PlyCount "80"]
[EventDate "2001.08.21"]

1.e4 e5 2.Nf3 Nc6 3.Bb5 Nge7 4.O-O g6 5.c3 Bg7 6.d4 exd4 7.cxd4 d5 8.exd5 
Nxd5 9.Re1+ Be6 10.Bg5 Qd6 11.Nc3 O-O 12.Ne4 Qb4 13.Bxc6 bxc6 14.Qc1 Qb5 
15.Bd2 Rfe8 16.Nc5 Bf5 17.Ne5 a5 18.b3 Nb4 19.a4 Qb6 20.Bxb4 axb4 21.Qc4 
Re7 22.g4 Bxe5 23.dxe5 Bxg4 24.e6 Bxe6 25.Nxe6 Rae8 26.a5 Qb5 27.Qxb5 cxb5
28.Red1 Rxe6 29.a6 Ra8 30.a7 Rb6 31.Rd7 Rb7 32.Re1 Rbxa7 33.Ree7 Rf8 34.
Kg2 Ra3 35.Re3 c5 36.Rc7 c4 37.Rb7 c3 38.Rxb5 Rc8 39.Rb7 c2 40.Ree7 c1=Q 
0-1

[Event "XIII Festival A"]
[Site "Porto San Giorgio ITA"]
[Date "2001.08.28"]
[Round "8"]
[White "Bukal, Vladimir jr"]
[Black "Sibilio, Mario"]
[Result "1-0"]
[WhiteElo "2411"]
[BlackElo "2370"]
[PlyCount "71"]
[EventDate "2001.08.21"]

1.d4 g6 2.c4 Bg7 3.Nf3 Nf6 4.g3 O-O 5.Bg2 c6 6.O-O d6 7.Nc3 Qa5 8.h3 Be6 
9.Nd2 Rc8 10.e4 Ne8 11.Re1 Qd8 12.d5 Bd7 13.Nf3 e5 14.dxe6 Bxe6 15.Bf1 c5 
16.Bf4 Nc6 17.Qd2 Qa5 18.a3 Rd8 19.Bg5 Bxc3 20.bxc3 f6 21.Bh6 Ne5 22.Nh2 
Qc7 23.f4 Nf7 24.f5 Bd7 25.Bf4 Bc6 26.fxg6 hxg6 27.Ng4 g5 28.Be3 Ne5 29.
Qe2 Bxe4 30.Nh2 Bd3 31.Qf2 Bg6 32.Bg2 Qg7 33.Rf1 Rab8 34.Bd5+ Kh8 35.Ng4 
Nxg4 36.hxg4 1-0

[Event "XIII Festival A"]
[Site "Porto San Giorgio ITA"]
[Date "2001.08.28"]
[Round "8"]
[White "Cazzaniga, Walter"]
[Black "Tencati, Giuseppe"]
[Result "1/2-1/2"]
[WhiteElo "2125"]
[BlackElo "2099"]
[PlyCount "91"]
[EventDate "2001.08.21"]

1.d4 d5 2.c4 c6 3.Nf3 e6 4.Nc3 dxc4 5.e3 b5 6.a4 Bb4 7.Bd2 a5 8.axb5 Bxc3 
9.Bxc3 cxb5 10.b3 Bb7 11.bxc4 b4 12.Bb2 Nf6 13.Bd3 Nbd7 14.O-O O-O 15.Qc2 
Qc7 16.Rfd1 Rfc8 17.Ne5 Nxe5 18.dxe5 Ng4 19.Bxh7+ Kf8 20.Rd6 Qxc4 21.Rd8+ 
Ke7 22.Qxc4 Rxc4 23.Rxa8 Bxa8 24.Rxa5 Bd5 25.Bd3 Rc7 26.h3 Nh6 27.Bd4 Kd7 
28.Rb5 Bc4 29.Bxc4 Rxc4 30.g4 Kc6 31.Ra5 b3 32.Ra6+ Kd5 33.Rb6 Rc1+ 34.Kg2
Rb1 35.Kf3 Kc4 36.Ke4 Rh1 37.Rc6+ Kb5 38.Rb6+ Kc4 39.Rc6+ Kb5 40.Rc7 Rxh3 
41.g5 Nf5 42.Rxf7 Kc6 43.Rf8 Kc7 44.Rf7+ Kc6 45.Rf8 Kc7 46.Rf7+ 1/2-1/2

[Event "XIII Festival A"]
[Site "Porto San Giorgio ITA"]
[Date "2001.08.28"]
[Round "8"]
[White "Cocchi, Andrea"]
[Black "Voltolini, Giuseppe"]
[Result "1-0"]
[WhiteElo "2270"]
[BlackElo "2266"]
[PlyCount "95"]
[EventDate "2001.08.21"]

1.c4 e5 2.a3 Nf6 3.Nc3 d5 4.cxd5 Nxd5 5.Nf3 Nc6 6.Qc2 Be7 7.e3 a6 8.Nxd5 
Qxd5 9.Bd3 Qd6 10.b4 g6 11.Bb2 Bf6 12.O-O O-O 13.Be4 Re8 14.Rac1 Bd7 15.
Rfd1 Qe6 16.Qc5 Qb3 17.Qc3 Qe6 18.Qc4 Qxc4 19.Rxc4 Rad8 20.Rdc1 g5 21.h3 
h5 22.d4 exd4 23.Bxc6 Bxc6 24.Bxd4 Be7 25.Ne5 Bd5 26.Rxc7 Bd6 27.Rd7 Bxe5 
28.Rxd8 Rxd8 29.Bxe5 Bc6 30.Bd4 Kh7 31.f3 g4 32.Kf2 Rg8 33.Be5 Rd8 34.Bd4 
f5 35.hxg4 hxg4 36.Kg3 Rd6 37.Kf4 Rh6 38.Rc5 gxf3 39.gxf3 Rh3 40.Kxf5 
Rxf3+ 41.Ke5 Rh3 42.Rxc6 bxc6 43.Kd6 Rh2 44.a4 Rh6+ 45.Kc7 Kg8 46.Bc5 Kf7 
47.Kb7 Ke6 48.Kxa6 1-0

[Event "XIII Festival A"]
[Site "Porto San Giorgio ITA"]
[Date "2001.08.28"]
[Round "8"]
[White "Corti, Corrado"]
[Black "Citti, Gianluca"]
[Result "0-1"]
[WhiteElo "2034"]
[BlackElo "2154"]
[PlyCount "46"]
[EventDate "2001.08.21"]

1.d4 Nf6 2.c4 c5 3.d5 b5 4.cxb5 a6 5.bxa6 Bxa6 6.Nc3 g6 7.e4 Bxf1 8.Kxf1 
d6 9.Nge2 Bg7 10.g3 O-O 11.Kg2 Qb6 12.Rf1 Nbd7 13.f4 e6 14.Rf3 Rfe8 15.
dxe6 Rxe6 16.f5 Ree8 17.fxg6 hxg6 18.Bf4 Nxe4 19.Nxe4 Rxe4 20.Nc3 Qxb2+ 
21.Rf2 Qxc3 22.Qd5 Rae8 23.Bc1 Nf6 0-1

[Event "XIII Festival A"]
[Site "Porto San Giorgio ITA"]
[Date "2001.08.28"]
[Round "8"]
[White "D'Innocente, Stefano"]
[Black "Isonzo, David"]
[Result "0-1"]
[WhiteElo "2123"]
[BlackElo "2315"]
[PlyCount "56"]
[EventDate "2001.08.21"]

1.e4 c5 2.Nf3 d6 3.d4 cxd4 4.Nxd4 Nf6 5.Nc3 a6 6.Bg5 e6 7.f4 Qb6 8.Nb3 Be7
9.Qf3 Nbd7 10.O-O-O Qc7 11.Qg3 h6 12.Bxf6 Bxf6 13.e5 dxe5 14.Ne4 exf4 15.
Nxf6+ gxf6 16.Qg7 Rf8 17.Nd4 Qa5 18.Bb5 axb5 19.Rhe1 Qxa2 20.Nf5 Ra6 21.
Nd6+ Rxd6 22.Rxd6 Qa1+ 23.Kd2 Qa5+ 24.c3 Ne5 25.Kc2 Ke7 26.Rd4 Ng6 27.g3 
f3 28.Rg4 e5 0-1

[Event "XIII Festival A"]
[Site "Porto San Giorgio ITA"]
[Date "2001.08.28"]
[Round "8"]
[White "De Poi, Paolo"]
[Black "Rotstein, Arkadij"]
[Result "0-1"]
[WhiteElo "2215"]
[BlackElo "2499"]
[PlyCount "70"]
[EventDate "2001.08.21"]

1.e4 c5 2.Nf3 e6 3.b3 a6 4.Bb2 d6 5.c4 Nf6 6.Nc3 Be7 7.Be2 O-O 8.O-O b6 9.
d4 cxd4 10.Nxd4 Bb7 11.f3 Nbd7 12.Kh1 Qc7 13.Rc1 Rac8 14.Qd2 Qb8 15.Rfd1 
Rfd8 16.Nc2 Ne5 17.Ne3 h5 18.Qe1 Ng6 19.Bf1 h4 20.a3 Nh5 21.b4 Bg5 22.Rc2 
Ne5 23.Qf2 Qc7 24.Ne2 Nf4 25.Nd4 Nfg6 26.Kg1 Qe7 27.Bc1 Rd7 28.Bb2 Bf4 29.
Be2 Rdc7 30.Nef5 exf5 31.Nxf5 Qg5 32.Rxd6 Ne7 33.Bxe5 Bxe5 34.Nxe7+ Rxe7 
35.Rxb6 Rd8 0-1

[Event "XIII Festival A"]
[Site "Porto San Giorgio ITA"]
[Date "2001.08.28"]
[Round "8"]
[White "Inkiov, Ventzislav V."]
[Black "Tomescu, Vlad"]
[Result "1/2-1/2"]
[WhiteElo "2470"]
[BlackElo "2417"]
[PlyCount "129"]
[EventDate "2001.08.21"]

1.e4 c5 2.Nf3 Nc6 3.d4 cxd4 4.Nxd4 Nf6 5.Nc3 d6 6.g3 e6 7.Bg2 Bd7 8.O-O a6
9.Nxc6 Bxc6 10.a4 Be7 11.a5 O-O 12.Be3 Qc7 13.Re1 Nd7 14.Na4 Nc5 15.Nb6 
Rae8 16.Bxc5 dxc5 17.e5 Rd8 18.Qe2 Bb5 19.c4 Bc6 20.Rad1 Rd4 21.Bxc6 Qxc6 
22.Rd3 Rxd3 23.Qxd3 Rd8 24.Qe3 Rd4 25.b4 Rd8 26.b5 axb5 27.cxb5 Qxb5 28.
Ra1 Qc6 29.Rc1 h6 30.h4 Bf8 31.Kh2 Qb5 32.Nc4 Rd4 33.Qe2 Be7 34.Qc2 Qc6 
35.Rb1 g6 36.Rb6 Qd5 37.Ne3 Qf3 38.Rb3 Rb4 39.Kg1 Rd4 40.Kh2 Kg7 41.Ng2 
Qd5 42.Nf4 Qd7 43.Rf3 Qa4 44.Qb1 Rb4 45.Qd3 Qb5 46.Qe3 Rb1 47.Ne2 Rb4 48.
Qd2 Qxa5 49.Rd3 Ra4 50.Qe3 Qc7 51.Nc3 Rd4 52.Rxd4 cxd4 53.Qxd4 Qc5 54.Qxc5
Bxc5 55.f4 g5 56.Ne4 Be7 57.fxg5 hxg5 58.Nd6 gxh4 59.Nxb7 Bb4 60.Kh3 Bc3 
61.Kxh4 Bxe5 62.Kg4 Bc7 63.Kf3 Kf6 64.Nc5 Ke7 65.g4 1/2-1/2

[Event "XIII Festival A"]
[Site "Porto San Giorgio ITA"]
[Date "2001.08.28"]
[Round "8"]
[White "Iordachescu, Viorel"]
[Black "Zaja, Ivan"]
[Result "1-0"]
[WhiteElo "2562"]
[BlackElo "2488"]
[PlyCount "131"]
[EventDate "2001.08.21"]

1.e4 e5 2.Nf3 Nc6 3.Bb5 a6 4.Ba4 Nf6 5.O-O Be7 6.Re1 b5 7.Bb3 d6 8.c3 O-O 
9.h3 Nd7 10.d4 Bf6 11.a4 Bb7 12.axb5 axb5 13.Rxa8 Qxa8 14.d5 Ne7 15.Na3 
Ba6 16.Nc2 Nc5 17.Ba2 Bc8 18.Nb4 Na6 19.Nd3 c6 20.dxc6 Qxc6 21.Nh2 Be6 22.
Bxe6 fxe6 23.Ng4 Ng6 24.Nxf6+ Rxf6 25.Bg5 Rf7 26.Qg4 Qc4 27.Ra1 Nc7 28.Qe2
h6 29.Bd2 Rf8 30.Ra7 Rc8 31.g3 Kh7 32.h4 Ne7 33.Qf3 Ng8 34.Qe3 Nf6 35.f3 
Ra8 36.b3 Qc6 37.Nb4 Qd7 38.Rxa8 Nxa8 39.g4 Qf7 40.Kg2 h5 41.g5 Ne8 42.Qd3
Qb7 43.c4 bxc4 44.Qxc4 Nac7 45.Nc6 Qb5 46.Qxb5 Nxb5 47.Ba5 Kg6 48.Nd8 Nd4 
49.b4 Kh7 50.Bb6 Nc2 51.Nc6 Na3 52.Na7 Kg8 53.b5 Nc4 54.Bd8 d5 55.Nc6 d4 
56.b6 d3 57.Kf2 Ned6 58.Bc7 d2 59.Ke2 Nb5 60.Bxe5 Nxb6 61.Kxd2 Nc4+ 62.Kd3
Nxe5+ 63.Nxe5 Na3 64.Nc6 Kf8 65.f4 Nb1 66.Nd4 1-0